LEADER 00945nam0-22003011i-450- 001 990006459480403321 005 20001010 035 $a000645948 035 $aFED01000645948 035 $a(Aleph)000645948FED01 035 $a000645948 100 $a20001010d--------km-y0itay50------ba 101 0 $aita 105 $ay-------001yy 200 1 $a<>subalterni calabresi tra rimpianto e trasgressione$ela Calabria dal brigantaggio post-unitario all'etagiolittiana$fAmelia Paparazzo$gprefazione di Camillo Daneo 210 $aMilano$cAngeli$d1984. 215 $a169 p.$d22 cm 225 1 $aStudi e ricerche storiche$v43 676 $a945 700 1$aPaparazzo,$bAmelia$0134175 801 0$aIT$bUNINA$gRICA$2UNIMARC 901 $aBK 912 $a990006459480403321 952 $aCOLLEZ. 698 (43)$b27347$fFSPBC 959 $aFSPBC 996 $aSubalterni calabresi tra rimpianto e trasgressione$9294469 997 $aUNINA DB $aGEN01